Lotus 1-2-3 release 5 for windowswsimplified

Bibliographic Details
Format: Book
Published: San Mateo, California : IDG Books Worldwide , 1994
Subjects:

MARC

LEADER 00000cam a2200000 7i4500
001 0000009817
002 000010692
005 20000330.0
020 |a 1568846703 
090 0 0 |a 005.369   |b LOT 
245 0 0 |a Lotus 1-2-3 release 5 for windowswsimplified   |c MaranGraphics'Developement Group 
260 |a San Mateo, California :   |b IDG Books Worldwide ,   |c 1994 
300 |a p.v. :   |b ill. ;   |c 26 cm. 
650 0 0 |a Business   |x Computer programs 
650 0 0 |a Electronic spreadsheets 
999 |a 047941   |b BUKU   |c PINJAMAN   |e PERPUSTAKAAN KOMUNITI PETALING JAYA 
999 |a 047942   |b BUKU   |c PINJAMAN   |e PERPUSTAKAAN KOMUNITI PETALING JAYA